000 01060nam a22003257a 4500
003 CHAP
005 20220817043237.0
008 971013s1989 r 00010 d
010 _a69394
011 _a70366
035 _a79847
040 _cCHAP
090 _aTesis
100 0 0 _aOrtiz Pérez, Cirilo Alejandro.
_984049
245 _aControl de maleza en el cultivo del gladiolo (Gladiolus grandiflorus L.)
260 _aChapingo, Méx. :
_bEl autor,
_c1989
300 _a61 h.
500 _a34-48
502 _aTesis (Ing. Agrónomo esp. en Fitotecnia) -- UACH. Departamento de Fitotecnia
590 _aALEPH
_b10
_c20130110
_lUCH01
_h1407
590 _aBATCH-UPD
_b10
_c20130110
_lUCH01
_h0626
590 _aBATCH-UPD
_b10
_c20130410
_lUCH01
_h0309
590 _aBATCH-UPD
_b10
_c20130914
_lUCH01
_h1544
590 _aCONVERSION
_b10
_c20130109
_lUCH01
_h1338
650 1 4 _aGladiolas
_xMalas hierbas
_xControl.
_948232
710 _aUACH. Departamento de Fitotecnia
901 _aBK
942 _cTESIS
949 _bBC
_cTES
_d-32737
_eTS1
_h22422
_i79847
_si
999 _c69394
_d69394